000 00929nam a2200265Ia 4500
003 OSt
005 20220923211005.0
006 a|||||r|||| 00| 0
007 ta
008 220922b |||||||| |||| 00| 0 hin d
020 _a8170165741 (hbk)
_c150
024 _a273,565
037 _b23062, 16/08/2013, Kitab Ghar
_cTextual
040 _aARTS
_cARTS
_bhin
041 _2hin
_ahin
082 _aV2:51wN5, 152Q2
100 _aआर्य, जगतराम
_9156291
245 0 _aदेशभक्त शहीदों की गाथाएॅं
246 _aDeshabhakta shahīdoan kī gāthāeॅan
260 _aनई दिल्ली
_b किताब घर
_c2012
300 _a110पृ.
_ccm.
650 _aविश्व-इतिहास
_9156909
942 _hV2:51wN5, 152Q2
_cTEXL
_2CC
999 _c293608
_d293608